000 00668nam a2200205Ii 4500
003 JO-AjNU
008 230605s9999||||xx |||||||||||||| ||und||
017 _a2005/24009
040 _aJO-AjNU
_bara
_erda
_cJO-AjNU
041 _aara
050 1 4 _aBP134.U5.M8388 1900
100 3 _aعبد الله، محمد,
_eauthor
_917220
245 0 0 _aمظاهر كونية في معالم قرآنية
264 3 1 _aالمنصورة: مكتبة الايمان، 1900
300 _a189ص
336 _atext
_btxt
_2rdacontent
337 _aunmediated
_bn
_2rdamedia
338 _avolume
_bnc
_2rdacarrier
650 4 _aالقران والكون - القران - اعجاز
_917221
999 _aA5273
_c8841
_d8841